Революционные комитеты Дагестана и их деятельность по упрочению Советской власти и организации социалистического строительства. (Record no. 445823)
[ view plain ]
| 000 -LEADER | |
|---|---|
| fixed length control field | 01503nam a2200229 a 4500 |
| 003 - CONTROL NUMBER IDENTIFIER | |
| control field | AM-YeHGA |
| 040 ## - CATALOGING SOURCE | |
| Original cataloging agency | AM-YeHGA |
| 090 ## - LOCALLY ASSIGNED LC-TYPE CALL NUMBER (OCLC); LOCAL CALL NUMBER (RLIN) | |
| -- | 448673 |
| 005 - DATE AND TIME OF LATEST TRANSACTION | |
| control field | 20250617160109.0 |
| 008 - FIXED-LENGTH DATA ELEMENTS--GENERAL INFORMATION | |
| fixed length control field | 180505s1960 ru |||||r|||||00||0|rus|| |
| 041 0# - LANGUAGE CODE | |
| Language code of text/sound track or separate title | rus |
| 245 00 - TITLE STATEMENT | |
| Title | Революционные комитеты Дагестана и их деятельность по упрочению Советской власти и организации социалистического строительства. |
| Remainder of title | (Март 1920 г. - декабрь 1921 г.). [Сборник документов]. Посвящается 40-летию установления Советской власти в Дагестане / |
| Statement of responsibility, etc. | Сост. : М.А. Абдуллаев и др. ; Архивный отд. МВД Дагест. АССР ; Центр. гос. архив Дагест. АССР. |
| 260 ## - PUBLICATION, DISTRIBUTION, ETC. | |
| Place of publication, distribution, etc. | Махачкала : |
| Name of publisher, distributor, etc. | Дагкнигоиздат, |
| Date of publication, distribution, etc. | 1960. |
| 300 ## - PHYSICAL DESCRIPTION | |
| Extent | 503 с. ; |
| Dimensions | 23 см. |
| 504 ## - BIBLIOGRAPHY, ETC. NOTE | |
| Bibliography, etc. note | Библиогр. в подстроч. примеч. |
| 650 14 - SUBJECT ADDED ENTRY--TOPICAL TERM | |
| Topical term or geographic name entry element | Революционные комитеты |
| Chronological subdivision | 1920-1921 |
| Geographic subdivision | Дагестанская губерния |
| 650 14 - SUBJECT ADDED ENTRY--TOPICAL TERM | |
| Topical term or geographic name entry element | История |
| Geographic subdivision | Дагестанская АССР |
| 700 1# - ADDED ENTRY--PERSONAL NAME | |
| Personal name | Абдулаев, М.А. |
| Relator term | сост. |
| Relationship | com |
| 710 2# - ADDED ENTRY--CORPORATE NAME | |
| Corporate name or jurisdiction name as entry element | Архивный отдел МВД Дагестанской АССР. |
| 710 2# - ADDED ENTRY--CORPORATE NAME | |
| Corporate name or jurisdiction name as entry element | Центральный государственный архив Дагестанской АССР. |
| 942 ## - ADDED ENTRY ELEMENTS (KOHA) | |
| Source of classification or shelving scheme | Universal Decimal Classification |
| Koha item type | Գրքեր / Books |
| Withdrawn status | Lost status | Source of classification or shelving scheme | Damaged status | Not for loan | Collection | Home library | Current library | Date acquired | Total checkouts | Full call number | Barcode | Date last seen | Price effective from | Koha item type | Public note |
|---|---|---|---|---|---|---|---|---|---|---|---|---|---|---|---|
| Universal Decimal Classification | General | Fundamental Scientific Library | Fundamental Scientific Library | 20/01/2020 | РII/31067 | FL0618237 | 20/01/2020 | 20/01/2020 | Գրքեր / Books | 30 Days Loan |
ՀՀ Գիտությունների ազգային ակադեմիայի հիմնարար գիտական գրադարան = Fundamental Scientific Library of NAS RA
All site content, except where otherwise noted, is licensed under a